Statistics for SPOILERS! Avengers: Infinity War Characters SPOILERS!

Click here to take the quiz!

General Stats

  • This quiz has been taken 175 times
  • The average score is 32 of 40

Answer Stats

HintCharacter% Correct
The Mad TitanThanos
99%
Avengers that liveIron Man
99%
Captain America
97%
Tortured by The Mad TitanNebula
94%
Black Widow
93%
Thor
92%
Black Panther
92%
Choked by The Mad TitanLoki
92%
Groot
92%
Star-Lord
92%
Hulk
91%
Rocket Raccoon
91%
Avengers that die/disintegrateSpider-Man
91%
Gamora
90%
Drax
90%
Tony Stark's FiancéPepper Potts
88%
School Bus DriverStan Lee
87%
Mantis
86%
War Machine
86%
Doctor Strange
85%
Post Credits SceneNick Fury
85%
Keeper of the Soul StoneRed Skull
83%
Vision
81%
White Wolf
78%
Scarlet Witch
78%
Wakandan'sShuri
78%
Maria Hill
77%
Stabbed by The Mad TitanHeimdall
77%
Protecting the SanctumWong
74%
Okoye
74%
Appeared in an Illusion from the Reality StoneThe Collector
73%
Falcon
73%
Peter's Distraction on School BusNed Leeds
72%
Captain Marvel
70%
M'Baku
68%
Children of The Mad Titan/The Black OrderEbony Maw
68%
Proxima Midnight
63%
Cull Obsidian
55%
Corvus Glaive
51%
Ayo
36%

Score Distribution

Percentile by Number Answered

Percent of People with Each Score

Your Score History

You have not taken this quiz